| 000 | 00462nam a2200181Ia 4500 | ||
|---|---|---|---|
| 001 | 32638 | ||
| 003 | IN-NITTTR | ||
| 005 | 20251114233435.0 | ||
| 008 | 251113s9999||||xx |||||||||||||| ||eng|| | ||
| 040 | _beng | ||
| 040 | _cIN-NITTTR | ||
| 041 | _aeng | ||
| 082 | _aQA76.9.A25 W4313 2013eb | ||
| 100 | _aWelschenbach, Michael | ||
| 245 | 0 |
_aCryptography in C and C++ / _cWelschenbach, Michael, Kramer, David. |
|
| 700 | _a Kramer, David. | ||
| 942 |
_2ddc _cBK |
||
| 999 |
_c35479 _d35479 |
||